ThDr. Ján Ivan Mastiliak CSsR - kandidát blahorečenia

Bibliographic Details
Main Author: Duda, Juraj, 1932- (Author)
Format: Article
Language:Slovak
PhysicalDescription:Fotogr.
ISBN:9788085581492
Subjects:

MARC

LEADER 00000nab a2200000 a 4500
001 vtls010609519
003 SK-MaSNL
005 20260303162041.0
008 171110c2009 xo wr p 000 a0slo
015 |a SNBRA2014/07 
038 |a SVKPOCL 
040 |a SVKPOCL  |b slo  |c SVKPOCL  |e AACR2 
041 0 |a slo 
044 |a xo  |c SK 
080 |a 272-528.8-726.3  |2 2001 
080 |a 323.28-051  |2 2001 
080 |a 80(=16)+908(4)  |2 2001 
080 |a 929 Mastiliak, Ján  |2 2001 
100 1 |a Duda, Juraj,  |d 1932-  |4 aut  |9 169496 
245 1 0 |a ThDr. Ján Ivan Mastiliak CSsR - kandidát blahorečenia  |c Juraj Duda 
300 |b Fotogr. 
600 1 7 |a Mastiliak, Ján,  |c blahoslavený,  |d 1911-1989  |2 svkpocl  |9 117937 
610 2 7 |a Gréckokatolícka cirkev (Slovensko)  |2 svkpocl  |9 664106 
650 0 7 |a osobnosti  |2 snkbucl  |9 29820 
650 0 7 |a gréckokatolícki kňazi  |2 svkpocl  |9 68059 
650 0 7 |a politickí väzni  |2 svkpocl  |9 4581 
650 0 7 |a slavistika  |2 svkpocl  |9 4282 
650 0 7 |a osobnosti  |2 svkpocl  |9 29820 
651 7 |a Nižný Hrabovec (Slovensko)  |x rodáci  |2 svkpocl  |9 1185200 
651 7 |a Vranov nad Topľou (Slovensko : okres)  |2 svkpocl  |9 29498 
651 7 |a Prešov (Slovensko)  |2 svkpocl  |9 17347 
655 7 |a biografie  |2 svkpocl  |9 27965 
773 0 |t Gréckokatolícky kalendár 2010  |d Košice : BYZANT ; Michalovce : Spolok sv. Cyrila a Metoda, 2009  |g S. 86-87  |z 9788085581492 
852 |a SVKPO  |b KIS3GCP 
958 |a BX 
958 |a SK 
958 |a SS 
958 |a NT 
999 |c 2051985  |d 2053915